Click the Ending of these Restaurant Names - Statistics

General Stats
  • This quiz has been taken 124 times
  • The average score is 13 of 15
Answer Stats
Hint Answer % Correct
7- Eleven
96%
Pizza Hut
96%
Taco Bell
95%
Dunkin' Donuts
95%
Papa John's
94%
Chick- fil-a
93%
Five Guys
93%
Waffle House
92%
The Cheesecake Factory
91%
Dairy Queen
89%
Olive Garden
88%
Raising Canes
86%
Panera Bread
83%
Texas Roadhouse
83%
Del Taco
78%
No matching quizzes found
Score Distribution
Percent of People with Each Score
Percentile by Number Answered
Your Score History
You have not taken this quiz